01732nam a22002417a 4500003001700000005001700017008004100034020001800075040000700093041001200100082001700112100002700129245001000156260003100166300002400197365005400221520096800275650004401243800002801287942001201315999001901327952014401346St Aloysius Coll20260129163527.0251202b |||||||| |||| 00| 0 eng d a9781542000178 cAL aEnglish a813.54bHOOL aColleen Hoover9247256 aLayla aWashingtonbMontlakec2020 a293p.bPBc21x14cm. 2GeneralaLKO1-4438445c₹f13/11/2025b₹950.00 aWhen Leeds meets Layla, he’s convinced he’ll spend the rest of his life with her—until an unexpected attack leaves Layla fighting for her life. After weeks in the hospital, Layla recovers physically, but the emotional and mental scarring has altered the woman Leeds fell in love with. In order to put their relationship back on track, Leeds whisks Layla away to the bed-and-breakfast where they first met. Once they arrive, Layla’s behavior takes a bizarre turn. And that’s just one of many inexplicable occurrences. Feeling distant from Layla, Leeds soon finds solace in Willow—another guest of the B&B with whom he forms a connection through their shared concerns. As his curiosity for Willow grows, his decision to help her find answers puts him in direct conflict with Layla’s well-being. Leeds soon realizes he has to make a choice because he can’t help both of them. But if he makes the wrong choice, it could be detrimental for all of them. 2LiteratureaAmerican Literature9247257 aHoover, Colleen9247434 2ddccBK c240695d240695 00102ddc40708MAENGaSACPGbSACPGd2025-11-21eAmazong950.00l4o813.54 HOOLpPG025138r2026-03-21 08:40:33s2026-03-07w0000-00-00yBK